书目信息 |
| 题名: |
现代仪器分析实验
|
|
| 作者: | 董社英 主编 | |
| 分册: | ||
| 出版信息: | 北京 化学工业出版社 2008.05 |
|
| 页数: | 114页 | |
| 开本: | 26cm | |
| 丛书名: | ||
| 单 册: | ||
| 中图分类: | O657-33 | |
| 科图分类: | ||
| 主题词: | 分析化学 , 分析(化学) | |
| 电子资源: | ||
| ISBN: | 978-7-122-02342-1 | |
| 000 | 00638nam0 2200217 450 | |
| 001 | 0955468002 | |
| 005 | 20091218084151.81 | |
| 010 | @a978-7-122-02342-1@dCNY16.00 | |
| 100 | @a20091209d2008 km y0chiy0120 ea | |
| 101 | 0 | @achi |
| 102 | @aCN@b110000 | |
| 200 | 1 | @a现代仪器分析实验@Axian dai yi qi fen xi shi yan@f董社英主编@Fdong she ying zhu bian |
| 210 | @a北京@c化学工业出版社@d2008.05 | |
| 215 | @a114页@d26cm | |
| 300 | @a高等学校教材 | |
| 606 | 0 | @a分析化学 |
| 606 | 0 | @a分析(化学) |
| 690 | @aO657-33@v4 | |
| 701 | 0 | @a董社英@Adong she ying@4主编 |
| 801 | 0 | @aCN@b山东省滨州职业学院图书馆@c20091218 |
| 905 | @aBZT@dO657-33@e1 | |
| 现代仪器分析实验/董社英主编.-北京:化学工业出版社,2008.05 |
| 114页;26cm |
| 高等学校教材 |
| ISBN 978-7-122-02342-1:CNY16.00 |
| ● |
| 相关链接 |
|
|
|
正题名:现代仪器分析实验
索取号:O657-33/1
 
预约/预借
| 序号 | 登录号 | 条形码 | 馆藏地/架位号 | 状态 | 备注 |
| 1 | 725512 | 2000725512 | 样本书库/样002架B面3层2列/ [索取号:O657-33/1] | 在馆 | |
| 2 | 725513 | 2000725513 | 中心书库北库/ 北库021架A面4列5层49/ [索取号:O657-33/1] | 在馆 | |
| 3 | 725514 | 2000725514 | 中心书库北库/ 北库021架A面4列5层50/ [索取号:O657-33/1] | 在馆 | |
| 4 | 725515 | 2000725515 | 中心书库北库/ 北库021架A面4列5层46/ [索取号:O657-33/1] | 在馆 | |
| 5 | 725516 | 2000725516 | 中心书库北库/ 北库021架A面4列5层48/ [索取号:O657-33/1] | 在馆 | |
| 6 | 725517 | 2000725517 | 中心书库北库/ 北库021架A面4列5层47/ [索取号:O657-33/1] | 在馆 | |
| 7 | 728818 | 2000728818 | 中心书库北库/ 北库021架A面4列5层51/ [索取号:O657-33/1] | 在馆 |